1482 1514 1888 1080 1430 1196 1342 1589 1219 1450 1040 1977 1281 1173 1934 1279 1843 1833 1398 1318 1193 1265 1354 1985 1037 1811 1189 1278 1898 1162 1230 1246 1235 1803 1993 1462 1635 1720 1582 1563 1139 1699 1161 1799 1428 1890 1404 1731 1215 1273 1655 1393 1464 1278 1818 1666 1214 1285 1341 1434 1046 1427 1459 1089 1692 1883 1099 1635 1388 1609 1753 1161 1639 1342 1532 1749 1100 1028 1333 1234 1481 1371 1391 1144 1919 1985 1028 1639 1593 1648 1758 1702 1572 1417 1848 1931 1768 1911 1307 BCNSPRNW ULIB Ver.6.0+V

เปลี่ยนเป็นภาษาไทย

Change to English
 แสดงรายละเอียดบรรณานุกรม
  กลับหน้าหลัก

Brief Record : Get Marc (ISO 2709) : E-mail record : QR code < ปิดหน้าต่าง
LEADER : 00000nam 2200000uu 4500
001    13399127259
003     ULIB
008    200316s2559||||th 000 0 tha d
020    ^a9786161129507
060 04 ^aWW260^bก491^cล.2
100 0  ^aพิพัฒน์ คงทรัพย์
245 00 ^aการผ่าตัดต้อกระจกแผลเล็ก.^n2 =^bManual small incision cataract surgery (MSICS) : technique and tips for challenging cataract /^cบรรณาธิการ, พิพัฒน์ คงทรัพย์
250    ^aพิมพ์ครั้งที่ 1
260    ^aสมุทรสาคร :^bพิมพ์ดี,^c2559
300    ^axi, 268 หน้า :^bภาพประกอบสี ;^c27 ซม.
500    ^aผู้่ใหญ่
505 0  ^aตอนที่ 1. ขั้นตอนและวิธีการผ่าตัด -- การลงแผลผ่าตัด --การฉีกถุงหุ้มเลนส์ด้านหน้า -- การงัดเลนส์ขึ้นมาในช่องด้านหน้าตา --เทคนิคการผ่าตัดต้อกระจกแผลเล็ก -- การฝังเลนส์แก้วตาเทียม -- ตอนที่ 2.การผ่าตัดต้อในรายที่ซับซ้อน -- การผ่าตัดในต้อชนิดขาวขุ่น --การผ่าตัดในต้อชนิดแข็งมาก -- การผ่าตัดในผู้ป่วยรูม่านตาแคบ --การผ่าตัดต้อในเด็ก -- การผ่าตัดในผู้ป่วยต้อหิน --การฝังเลนส์แก้วตาเทียมโดยยึดเลนส์กับสเคลอร่า --การรักษากรณีเลนส์ตกในช่องนํ้าวุ้นตา -- การผ่าตัดในต้อชนิด Posteriorpolar -- เทคนิคการผ่าตัดต้อกระจกโดย : A-Technique --การผสมผสานการผ่าตัดต้อแบบแผลเล็กและการสลายต้อกระจก -- ตอนที่ 3.ส่วนสนับสนุนการผ่าตัด -- การระงับความรู้สึกด้วยการฉีดยาใต้เยื่อบุตาขาว --การตรวจด้วยอัลตราซาวด์ในผู้ป่วยต้อกระจกชนิดขาวขุ่น --เลนส์แก้วตาเทียมหลายโฟกัส --การหาค่าเลนส์แก้วตาเทียมด้วยเครื่องมือไบโอ --การดัดแปลงวัสดุการแพทย์สำหรับการผ่าตัดต้อกระจกแผลเล็ก --ความปลอดภัยของผู้ป่วยทางจักษุวิทยา --การคำนวณค่าเลนส์สำหรับผู้ที่ได้รับการผ่าตัดแก้ไขสายตาผิดปกติ
650  4 ^aต้อกระจก^xการรักษา
650  4 ^aต้อกระจก, ศัลยกรรม
650  4 ^aตา, โรค^xการรักษา
650  4 ^aเลนส์^xการวัด
650  4 ^aเลนส์^xศัลยกรรม
710 2  ^aโรงพยาบาลพระปกเกล้า.^bศูนย์แพทยศาสตร์ศึกษาชั้นคลินิก
945    ^p790^l0^i006537
945    ^p790^l0^i006538
945    ^p790^l0^i006539
945    ^p790^l0^i006540
945    ^p790^l0^i006541
999    ^aประนอม เกษจรัล
รายการนี้ยังไม่มีแท็ก
คุณยังไม่ได้ล็อกอิน คุณสามารถมีกิจกรรมร่วมกับเว็บไซต์ได้ แต่ต้องล็อกอินก่อน ::
  ล็อกอิน

รายการสื่อสารสนเทศ

ลำดับที่ ประเภท เลขเรียก/บาร์โค้ด สถานที่ สถานะ
1. วิทยาศาสตร์การแพทย์ และสุขภาพ
วิทยาศาสตร์การแพทย์ และสุขภาพ
สถานะ=หนังสือเก่า
WW260 ก491 ล.2 ฉ.1 
  Barcode: 006537
ห้องสมุดวิทยาเขตสวรรค์ประชารักษ์
►ส่วนจัดเก็บหนังสือเก่า สปร
บนชั้น
  ขอยืม
2. วิทยาศาสตร์การแพทย์ และสุขภาพ
วิทยาศาสตร์การแพทย์ และสุขภาพ
สถานะ=หนังสือเก่า
WW260 ก491 ล.2 ฉ.2 
  Barcode: 006538
ห้องสมุดวิทยาเขตสวรรค์ประชารักษ์
►ส่วนจัดเก็บหนังสือเก่า สปร
บนชั้น
  ขอยืม
3. วิทยาศาสตร์การแพทย์ และสุขภาพ
วิทยาศาสตร์การแพทย์ และสุขภาพ
สถานะ=หนังสือเก่า
WW260 ก491 ล.2 ฉ.3 
  Barcode: 006539
ห้องสมุดวิทยาเขตสวรรค์ประชารักษ์
►ส่วนจัดเก็บหนังสือเก่า สปร
บนชั้น
  ขอยืม
4. วิทยาศาสตร์การแพทย์ และสุขภาพ
วิทยาศาสตร์การแพทย์ และสุขภาพ
สถานะ=หนังสือเก่า
WW260 ก491 ล.2 ฉ.4 
  Barcode: 006540
ห้องสมุดวิทยาเขตสวรรค์ประชารักษ์
►ส่วนจัดเก็บหนังสือเก่า สปร
บนชั้น
  ขอยืม
5. วิทยาศาสตร์การแพทย์ และสุขภาพ
วิทยาศาสตร์การแพทย์ และสุขภาพ
สถานะ=หนังสือเก่า
WW260 ก491 ล.2 ฉ.5 
  Barcode: 006541
ห้องสมุดวิทยาเขตสวรรค์ประชารักษ์
►ส่วนจัดเก็บหนังสือเก่า สปร
บนชั้น
  ขอยืม

รายการใกล้เคียง
    ผู้แต่ง [พิพัฒน์ คงทรัพย์]

    หัวเรื่อง [ต้อกระจก, ศัลยกรรม]

BibComment


ยังไม่เคยถูกคอมเมนท์

คอมเมนท์ทรัพยากรรายการนี้
  คอมเมนท์: การผ่าตัดต้อกระจ..


 Copyright 2026. Bcnsprnw @Library